[Event "Weekend A Epifania"]
[Site "Torino ITA"]
[Date "2003.01.??"]
[Round "2"]
[White "De Paulis, Sergio"]
[Black "Vendramini, Ivano"]
[Result "1/2-1/2"]
[WhiteElo "1514"]
[BlackElo "1531"]
[PlyCount "109"]
[EventDate "2003.01.03"]

1. d4 d5 2. c4 dxc4 3. e4 c5 4. d5 e6 5. Bxc4 Nf6 6. Nc3 a6 7. a4 Bd6 8. f4
exd5 9. Bxd5 Nxd5 10. Nxd5 Bd7 11. Nf3 Bc6 12. O-O O-O 13. Qb3 Re8 14. e5 c4
15. Qd1 Bxe5 16. Nxe5 Bxd5 17. Qh5 Qb6+ 18. Kh1 Qf6 19. Bd2 Nc6 20. Bc3 Nxe5
21. Bxe5 Qc6 22. Qg4 f6 23. Bc3 b5 24. a5 Re3 25. Bd4 Re4 26. Rad1 Rae8 27. Rd2
Re1 28. Kg1 Rxf1+ 29. Kxf1 Be6 30. f5 Bc8 31. Bc3 Bb7 32. Re2 Re4 33. Rxe4 Qxe4
34. Qxe4 Bxe4 35. g4 h5 36. gxh5 Bxf5 37. Kf2 Kh7 38. Kg3 Kh6 39. Kh4 g5+ 40.
Kg3 Kxh5 41. Bxf6 b4 42. Be7 c3 43. bxc3 bxc3 44. Bb4 c2 45. Bd2 Kg6 46. Kf2
Kf6 47. Bc3+ Ke6 48. Bd2 g4 49. Ke3 Ke5 50. Bc1 Kd5 51. Kd2 Kc4 52. Bb2 Kb3 53.
Bd4 Kc4 54. Bb6 Kb4 55. Kc1 1/2-1/2

[Event "Weekend A Epifania"]
[Site "Torino ITA"]
[Date "2003.01.??"]
[Round "2"]
[White "Fassio, Luca"]
[Black "Vinciguerra, Marco"]
[Result "1/2-1/2"]
[WhiteElo "2145"]
[BlackElo "1759"]
[PlyCount "48"]
[EventDate "2003.01.03"]

1. e4 d5 2. exd5 Nf6 3. d4 Nxd5 4. c4 Nb6 5. Nc3 g6 6. Be3 Bg7 7. h3 O-O 8. Nf3
Nc6 9. Be2 e5 10. d5 Ne7 11. O-O Re8 12. Ne4 Nf5 13. Bg5 f6 14. Bd2 Nd4 15.
Nxd4 exd4 16. Ng3 Nd7 17. Bd3 Ne5 18. Qc2 f5 19. b4 Qh4 20. Ne2 Nf3+ 21. gxf3
Rxe2 22. Bxe2 f4 23. Qe4 Qg5+ 24. Kh2 Bxh3 1/2-1/2

[Event "Weekend A Epifania"]
[Site "Torino ITA"]
[Date "2003.01.??"]
[Round "2"]
[White "Fortino, Fabrizio"]
[Black "Diana, Riccardo"]
[Result "1-0"]
[WhiteElo "1717"]
[BlackElo "2118"]
[PlyCount "20"]
[EventDate "2003.01.03"]

1. e4 e5 2. f4 exf4 3. Bc4 Nc6 4. d4 Nf6 5. Nc3 Bb4 6. e5 Ne4 7. Qf3 d5 8. exd6
O-O 9. dxc7 Nxd4 10. Qxe4 Re8 1-0

[Event "Weekend A Epifania"]
[Site "Torino ITA"]
[Date "2003.01.??"]
[Round "2"]
[White "Giacometto, Mario"]
[Black "Racioppo, Paolo"]
[Result "0-1"]
[WhiteElo "1777"]
[BlackElo "2208"]
[PlyCount "82"]
[EventDate "2003.01.03"]

1. e4 c5 2. Nf3 a6 3. d4 cxd4 4. Nxd4 Nf6 5. Bd3 d6 6. O-O e5 7. Nb3 Be7 8. c4
Nbd7 9. Nc3 b6 10. Be3 Bb7 11. f3 Rc8 12. Qd2 O-O 13. Qf2 Nc5 14. Nxc5 bxc5 15.
g4 Re8 16. h4 Nd7 17. h5 Bh4 18. Qd2 Nf8 19. f4 exf4 20. Bxf4 Qd7 21. Qg2 Bf6
22. Nd5 Bd4+ 23. Kh1 Rb8 24. Rab1 Kh8 25. Rf3 Bc8 26. h6 Ng6 27. hxg7+ Bxg7 28.
Bg5 Qxg4 29. Nf6 Qxg2+ 30. Kxg2 Re5 31. Rf5 Bxf5 32. exf5 Nf4+ 33. Bxf4 Bxf6
34. Bxe5 Bxe5 35. b3 f6 36. Rh1 Kg7 37. Kf3 Rh8 38. Rg1+ Kf8 39. Rg2 h5 40. Bf1
h4 41. Kg4 h3 0-1

[Event "Weekend A Epifania"]
[Site "Torino ITA"]
[Date "2003.01.??"]
[Round "2"]
[White "Sorcinelli, Francesco"]
[Black "Giordana, Marco"]
[Result "1-0"]
[WhiteElo "1962"]
[BlackElo "1786"]
[PlyCount "59"]
[EventDate "2003.01.03"]

1. e4 c5 2. Nf3 d6 3. d4 cxd4 4. Nxd4 Nf6 5. Nc3 a6 6. g3 e5 7. Nde2 Be7 8. Bg2
O-O 9. O-O Be6 10. h3 Qd7 11. Kh2 d5 12. Nxd5 Rd8 13. Nxf6+ gxf6 14. Qxd7 Rxd7
15. Nc3 Nc6 16. Be3 Nb4 17. Rac1 Bc4 18. Rfe1 Nxa2 19. Nxa2 Bxa2 20. b3 Rc7 21.
Bf1 Bb4 22. Red1 Bc3 23. Rd3 Bb2 24. Rcd1 Rxc2 25. R1d2 Bb1 26. Rd8+ Rxd8 27.
Rxd8+ Kg7 28. Bd3 Rc3 29. Bxb1 Rxb3 30. Ba2 1-0

[Event "Weekend A Epifania"]
[Site "Torino ITA"]
[Date "2003.01.??"]
[Round "3"]
[White "Gussone, Claudio"]
[Black "Fassio, Luca"]
[Result "0-1"]
[WhiteElo "1731"]
[BlackElo "2145"]
[PlyCount "74"]
[EventDate "2003.01.03"]

1. Nf3 g6 2. g3 Bg7 3. Bg2 d6 4. d4 Nf6 5. c4 O-O 6. O-O Na6 7. b3 c5 8. Bb2
Rb8 9. Nc3 Bd7 10. e3 Qc8 11. Nb5 Ra8 12. Qe2 Nb4 13. Rfd1 Bg4 14. Rd2 Ne4 15.
Rdd1 Qf5 16. h3 Bxf3 17. Qxf3 Qxf3 18. Bxf3 f5 19. Bxe4 fxe4 20. Rd2 Nd3 21.
Rb1 Rf3 22. Nc3 cxd4 23. Nxe4 Nxb2 24. exd4 Nd3 25. Ng5 Rf5 26. Ne6 Nb4 27. Re1
Nc6 28. Nxg7 Kxg7 29. Kg2 g5 30. b4 a6 31. a4 Kf8 32. b5 axb5 33. axb5 Nd8 34.
Rde2 e6 35. g4 Rf4 36. Re4 Rxe4 37. Rxe4 Ra4 0-1

[Event "Weekend A Epifania"]
[Site "Torino ITA"]
[Date "2003.01.??"]
[Round "3"]
[White "Martin, Tiziano"]
[Black "Sorcinelli, Francesco"]
[Result "0-1"]
[WhiteElo "1846"]
[BlackElo "1962"]
[PlyCount "100"]
[EventDate "2003.01.03"]

1. e4 c5 2. Nc3 Nc6 3. g3 g6 4. Bg2 Bg7 5. d3 d6 6. Be3 e6 7. Nge2 Rb8 8. d4
cxd4 9. Nxd4 a6 10. O-O Nge7 11. Qd2 O-O 12. Rad1 Qc7 13. Nxc6 bxc6 14. b3 Rd8
15. Na4 Rd7 16. c4 c5 17. Nc3 Bb7 18. f4 Rbd8 19. Qc2 f5 20. Rfe1 fxe4 21. Nxe4
Nf5 22. Bf2 Bxe4 23. Qxe4 e5 24. g4 Nd4 25. Bxd4 cxd4 26. f5 gxf5 27. gxf5 Rf8
28. Qg4 Kh8 29. Bd5 Bf6 30. Kh1 Rg7 31. Qh3 Qe7 32. Re4 Bg5 33. Rg1 Bf4 34.
Rxg7 Qxg7 35. Re2 Qf6 36. Rg2 Bh6 37. Qg4 Bg7 38. Be4 a5 39. h4 a4 40. bxa4 Rc8
41. Qg5 Rxc4 42. Qxf6 Rc1+ 43. Kh2 Bxf6 44. a5 Rc5 45. h5 d5 46. Bc2 e4 47. h6
Rxa5 48. Bb3 d3 49. Kg1 e3 50. Bd1 Rc5 0-1

[Event "Weekend A Epifania"]
[Site "Torino ITA"]
[Date "2003.01.??"]
[Round "3"]
[White "Racioppo, Paolo"]
[Black "Fortino, Fabrizio"]
[Result "1-0"]
[WhiteElo "2208"]
[BlackElo "1717"]
[PlyCount "65"]
[EventDate "2003.01.03"]

1. f4 d5 2. d3 Nf6 3. Nf3 c5 4. g3 Nc6 5. Bg2 e6 6. O-O Be7 7. c3 O-O 8. Qe1 b6
9. h3 Bb7 10. Nbd2 Nd7 11. e4 Qc7 12. e5 Rfe8 13. a3 f6 14. d4 a5 15. g4 a4 16.
Rf2 cxd4 17. cxd4 b5 18. Nf1 b4 19. Rc2 Qb6 20. Be3 Ba6 21. Ng3 Na5 22. f5 Bf8
23. Nh5 exf5 24. gxf5 Bd3 25. Rf2 Bxf5 26. Nd2 Be4 27. Nxe4 dxe4 28. Bxe4 Rac8
29. Bd5+ Kh8 30. e6 Nb8 31. Nf4 Na6 32. Rc2 Nc7 33. Rxc7 1-0

[Event "Weekend A Epifania"]
[Site "Torino ITA"]
[Date "2003.01.??"]
[Round "3"]
[White "Vinciguerra, Marco"]
[Black "Vozza, Nicola"]
[Result "1-0"]
[WhiteElo "1759"]
[BlackElo "1762"]
[PlyCount "27"]
[EventDate "2003.01.03"]

1. e4 e5 2. d4 exd4 3. Nf3 Nc6 4. Bc4 Nf6 5. Ng5 d5 6. exd5 Na5 7. Qxd4 Nxc4 8.
Qxc4 h6 9. Ne4 Nxd5 10. O-O Nb6 11. Qe2 Be6 12. Nbc3 Be7 13. Rd1 Nd7 14. Bf4
1-0

[Event "Weekend A Epifania"]
[Site "Torino ITA"]
[Date "2003.01.??"]
[Round "4"]
[White "Fassio, Luca"]
[Black "Banchio, Davide"]
[Result "1-0"]
[WhiteElo "2145"]
[BlackElo "1846"]
[PlyCount "91"]
[EventDate "2003.01.03"]

1. e4 e6 2. d4 d5 3. Nd2 Nf6 4. e5 Nfd7 5. Bd3 c5 6. c3 Nc6 7. Ne2 cxd4 8. cxd4
f6 9. exf6 Nxf6 10. Nf3 Bd6 11. O-O O-O 12. Ng3 e5 13. dxe5 Nxe5 14. Nxe5 Bxe5
15. Re1 Qd6 16. Be2 Bd7 17. Bf3 Bc6 18. Qb3 Kh8 19. Bd2 a5 20. Rad1 Qc7 21. Bc3
Bxg3 22. hxg3 Ne4 23. Bd4 Rae8 24. Bb6 Qf7 25. Qd3 a4 26. Qd4 Qf6 27. Qxf6 Nxf6
28. Be2 Re6 29. Bd3 Rfe8 30. Rxe6 Rxe6 31. f3 Kg8 32. Kf2 Bb5 33. Bd4 Bc4 34.
a3 b5 35. Bc3 Kf7 36. g4 h6 37. Rd2 Bxd3 38. Rxd3 Rd6 39. Ke3 Re6+ 40. Kd2 Rd6
41. Bd4 Rd7 42. Kc3 Rb7 43. Kb4 Ke6 44. Re3+ Kf7 45. Rc3 Ke6 46. Rc5 1-0

[Event "Weekend A Epifania"]
[Site "Torino ITA"]
[Date "2003.01.??"]
[Round "4"]
[White "Fortino, Fabrizio"]
[Black "Martin, Tiziano"]
[Result "1-0"]
[WhiteElo "1717"]
[BlackElo "1846"]
[PlyCount "63"]
[EventDate "2003.01.03"]

1. e4 d5 2. exd5 Qxd5 3. Nc3 Qd8 4. Nf3 Nf6 5. d4 Bg4 6. Bf4 c6 7. Be2 e6 8.
O-O Be7 9. Re1 Nbd7 10. Qd2 O-O 11. h3 Bh5 12. Rad1 Bb4 13. a3 Ne4 14. Qe3 Nxc3
15. bxc3 Bxa3 16. Bd3 Re8 17. Rb1 Qc8 18. Ne5 Nxe5 19. Bxe5 Bg6 20. Qg3 Bf8 21.
Be4 b6 22. h4 Bxe4 23. Rxe4 Qd8 24. Rf4 Qd7 25. Rg4 g6 26. h5 Bg7 27. hxg6 hxg6
28. Bxg7 Kxg7 29. Qe5+ f6 30. Qe4 f5 31. Qe5+ Kf7 32. Rh4 1-0

[Event "Weekend A Epifania"]
[Site "Torino ITA"]
[Date "2003.01.??"]
[Round "4"]
[White "Geuna, Giuseppe"]
[Black "Racioppo, Paolo"]
[Result "0-1"]
[WhiteElo "1712"]
[BlackElo "2208"]
[PlyCount "84"]
[EventDate "2003.01.03"]

1. d4 f5 2. Nf3 d6 3. Bf4 Nf6 4. e3 c6 5. c3 g6 6. Nbd2 Bg7 7. Bd3 O-O 8. O-O
Qe8 9. Qb3+ Kh8 10. h3 Nbd7 11. Bh2 e5 12. dxe5 dxe5 13. e4 Nc5 14. Qc2 f4 15.
Be2 h6 16. b4 Ncd7 17. Nc4 g5 18. Nfd2 Qe7 19. Rfe1 Ne8 20. Rad1 Ndf6 21. Nf3
Nh7 22. Nfd2 Be6 23. Kf1 Qf7 24. a4 h5 25. f3 Rc8 26. Bg1 b6 27. a5 b5 28. Na3
Nhf6 29. c4 g4 30. hxg4 hxg4 31. fxg4 Nxg4 32. Bxg4 Bxg4 33. Nf3 a6 34. Rd3 Qh5
35. Ke2 Nf6 36. Rd6 Nxe4 37. Rdd1 Ng3+ 38. Kf2 Bf5 39. Qc1 Bh7 40. Bh2 e4 41.
Bxg3 fxg3+ 42. Kxg3 exf3 0-1

[Event "Weekend A Epifania"]
[Site "Torino ITA"]
[Date "2003.01.??"]
[Round "4"]
[White "Sorcinelli, Francesco"]
[Black "Giacomasso, Enrico"]
[Result "0-1"]
[WhiteElo "1962"]
[BlackElo "1872"]
[PlyCount "82"]
[EventDate "2003.01.03"]

1. e4 c5 2. Nc3 Nc6 3. f4 d6 4. Nf3 g6 5. Bc4 Bg7 6. d3 e6 7. f5 Ne5 8. Nxe5
Bxe5 9. Qf3 Bd7 10. fxe6 fxe6 11. O-O Qf6 12. Bg5 Qxf3 13. Rxf3 h6 14. Raf1 Bg7
15. Rf7 Rh7 16. Be3 a6 17. a4 O-O-O 18. a5 Kb8 19. Rxd7 Rxd7 20. Bxe6 Rd8 21.
Rf7 Re8 22. Bd5 Re7 23. Kf2 Rxf7+ 24. Bxf7 Ne7 25. Nd5 Nxd5 26. exd5 g5 27. Bg6
Rh8 28. c3 Be5 29. h3 Rf8+ 30. Ke2 Bf4 31. Bxf4 Rxf4 32. Be4 Kc7 33. g3 Rf8 34.
b3 b6 35. axb6+ Kxb6 36. g4 a5 37. Bf5 Kc7 38. Kd2 Kd8 39. c4 Ke7 40. Kc3 Rb8
41. Kb2 a4 0-1

[Event "Weekend A Epifania"]
[Site "Torino ITA"]
[Date "2003.01.??"]
[Round "4"]
[White "Xausa, Flavio"]
[Black "Vinciguerra, Marco"]
[Result "1-0"]
[WhiteElo "1816"]
[BlackElo "1759"]
[PlyCount "82"]
[EventDate "2003.01.03"]

1. e4 d5 2. exd5 Nf6 3. d4 Nxd5 4. c4 Nb6 5. Nc3 g6 6. Be3 Bg7 7. Nf3 O-O 8.
Be2 Nc6 9. h3 e5 10. d5 Ne7 11. O-O f5 12. Bc5 Nd7 13. Ba3 e4 14. Nd4 Nf6 15.
f4 Re8 16. Ncb5 a6 17. Nxc7 Qxc7 18. d6 Qd7 19. dxe7 Nh5 20. Nc2 Ng3 21. Re1
Rxe7 22. Qd5+ Qxd5 23. cxd5 Rc7 24. Bd1 Bd7 25. Ne3 Nh5 26. Bb3 Kh8 27. d6 Rc6
28. Nd5 Bd4+ 29. Kh1 Bc5 30. Ne7 Bxa3 31. Nxc6 Bxd6 32. Ne5 Bxe5 33. fxe5 Re8
34. Rad1 Bc6 35. e6 f4 36. Kg1 g5 37. Rd6 e3 38. Bd1 Ng3 39. Bf3 Bxf3 40. gxf3
Nf5 41. Rd7 Nh4 1-0

[Event "Weekend A Epifania"]
[Site "Torino ITA"]
[Date "2003.01.??"]
[Round "5"]
[White "Fortino, Fabrizio"]
[Black "Xausa, Flavio"]
[Result "1-0"]
[WhiteElo "1717"]
[BlackElo "1816"]
[PlyCount "102"]
[EventDate "2003.01.03"]

1. e4 c5 2. c3 Nf6 3. e5 Nd5 4. d4 cxd4 5. Nf3 e6 6. Bc4 Nb6 7. Bb3 Nc6 8. O-O
d6 9. cxd4 Qc7 10. Nc3 a6 11. Be3 d5 12. Rc1 Be7 13. Qd3 Bd7 14. a4 Qd8 15. Nd2
h5 16. f4 g6 17. Nf3 Kf8 18. Ng5 Kg7 19. Na2 Na5 20. Bc2 Nxa4 21. b3 Bb5 22.
Nxe6+ Kg8 23. Qxb5 axb5 24. Nxd8 Nb6 25. Nxf7 Kxf7 26. f5 gxf5 27. Rxf5+ Ke6
28. Rcf1 Nac4 29. bxc4 Nxc4 30. Bc1 Rxa2 31. R5f2 Rxc2 32. Rxc2 b4 33. Rcf2 b3
34. Bb2 Bg5 35. Re2 Ra8 36. Bc3 Ra4 37. Rb1 b2 38. Kf2 b5 39. Bxb2 Rb4 40. g3
Na3 41. Ra1 Nc4 42. Bc1 Be7 43. Ra6+ Kd7 44. Rc2 Ra4 45. Rh6 b4 46. Rh7 Kd8 47.
e6 b3 48. Rh8+ Kc7 49. Bf4+ Kb6 50. Rb8+ Kc6 51. Rxb3 Ra3 1-0

[Event "Weekend A Epifania"]
[Site "Torino ITA"]
[Date "2003.01.??"]
[Round "5"]
[White "Racioppo, Paolo"]
[Black "Giacomasso, Enrico"]
[Result "1-0"]
[WhiteElo "2208"]
[BlackElo "1872"]
[PlyCount "83"]
[EventDate "2003.01.03"]

1. f4 Nf6 2. Nf3 d5 3. g3 g6 4. Bg2 Bg7 5. d3 O-O 6. O-O c6 7. c3 Qb6+ 8. Kh1
Ng4 9. d4 h5 10. h3 Nh6 11. Ne5 Nf5 12. Qe1 Bf6 13. Kh2 a5 14. e3 Na6 15. Nd2
Nd6 16. b3 Be6 17. a4 Rad8 18. Ba3 Rfe8 19. Rb1 Bf5 20. Rb2 Qc7 21. g4 hxg4 22.
hxg4 Be6 23. Qg3 Kg7 24. Bxd6 Rh8+ 25. Kg1 exd6 26. Nef3 Rdg8 27. e4 dxe4 28.
Nxe4 Be7 29. Nfg5 d5 30. Nxe6+ fxe6 31. Nf2 Bh4 32. Qe3 Qd6 33. Nd3 Bf6 34. Re2
Re8 35. g5 Bxg5 36. fxg5 Qh2+ 37. Kf2 Qh4+ 38. Qg3 Ref8+ 39. Bf3 Rxf3+ 40. Kxf3
Rf8+ 41. Nf4 Qh5+ 42. Ke3 1-0

[Event "Weekend A Epifania"]
[Site "Torino ITA"]
[Date "2003.01.??"]
[Round "6"]
[White "Giacometto, Mario"]
[Black "Vinciguerra, Marco"]
[Result "1/2-1/2"]
[WhiteElo "1777"]
[BlackElo "1759"]
[PlyCount "48"]
[EventDate "2003.01.03"]

1. e4 c5 2. Nf3 d6 3. d4 cxd4 4. Nxd4 Nf6 5. Nc3 a6 6. Be2 g6 7. Be3 Bg7 8. O-O
O-O 9. a4 Nc6 10. Nb3 Be6 11. f3 d5 12. exd5 Nxd5 13. Nxd5 Bxd5 14. Nd4 Nxd4
15. Bxd4 Bxf3 16. Bxf3 Bxd4+ 17. Kh1 a5 18. Bxb7 Rb8 19. Qf3 Qc7 20. Bd5 e6 21.
Bb3 Bxb2 22. Rae1 Be5 23. h3 Rbd8 24. Re4 Qc3 1/2-1/2

[Event "Weekend A Epifania"]
[Site "Torino ITA"]
[Date "2003.01.??"]
[Round "6"]
[White "Sorcinelli, Francesco"]
[Black "Angioni, Gian Carlo"]
[Result "1-0"]
[WhiteElo "1962"]
[BlackElo "1642"]
[PlyCount "35"]
[EventDate "2003.01.03"]

1. e4 e6 2. Nf3 d5 3. Nc3 dxe4 4. Nxe4 Nd7 5. d4 Ngf6 6. Bd3 b6 7. Qe2 Bb7 8.
Bg5 Be7 9. Bxf6 Nxf6 10. O-O-O O-O 11. h4 a5 12. Kb1 a4 13. Nxf6+ Bxf6 14.
Bxh7+ Kxh7 15. Ng5+ Kg8 16. Qh5 Bxg5 17. hxg5 f6 18. g6 1-0